| 000 | 01061cam a2200289 a 4500 | ||
|---|---|---|---|
| 001 | 512 | ||
| 005 | 20240527135000.0 | ||
| 020 | _a9780823419463 (hardcover) | ||
| 020 | _a9780545075473 (paperback) | ||
| 020 | _a0823419460 (hardcover) | ||
| 040 |
_aDLC _cDLC _beng _dFISKH |
||
| 050 | 0 | 0 |
_aPZ7.S4114 _bFou 2006 |
| 082 | 0 | 0 |
_a479 _222 |
| 100 | 1 | _aSchwartz, Virginia Frances. | |
| 245 | 1 | 0 |
_a4 kids 5E & 1 crazy year / _cVirginia Frances Schwartz. |
| 250 | _aFirst Scholastic Printing, March 2008 | ||
| 260 |
_aNew York : _bScholastic. _c2008. |
||
| 300 |
_a265 pages : _c20 cm. |
||
| 505 | _aK | ||
| 520 | _aFamily, school, and life in general are seen through the writings of four fifth graders who have been taken out of an overcrowded New York City classroom and placed with a teacher who shows them how to write and how to believe in themselves. | ||
| 521 |
_a610
_bLexile |
||
| 521 |
_aK
_bRaz-Plus |
||
| 650 | 1 |
_aAuthorship _vFiction. |
|
| 650 | 1 |
_aSchools _vFiction. |
|
| 906 |
_a7 _bcbc _corignew _d1 _eocip _f20 _gy-gencatlg |
||
| 942 |
_2ddc _cBK _n0 |
||
| 999 |
_c512 _d512 |
||